000 00299nas a2200121 4500
005 20211102145532.0
008 211102b ||||| |||| 00| 0 eng d
022 _a0971-5215
040 _c
245 _aIndian journal of gender studies
260 _aSage publication
_bOct 2020
942 _2ddc
_cPR
999 _c220347
_d220347